书目信息 |
| 题名: |
法国巴比松风景画派
|
|
| 作者: | 雅伏尔斯卡娅 著 ;平野 译 | |
| 分册: | ||
| 出版信息: | 成都 四川人民出版社 1984 |
|
| 页数: | 263页 | |
| 开本: | 19cm | |
| 丛书名: | ||
| 单 册: | ||
| 中图分类: | J110.99 | |
| 科图分类: | ||
| 主题词: | 绘画-美术批评--法国 , 美术批评-绘画--法国 , 艺术--世界 , 美术--世界 | |
| 电子资源: | ||
| ISBN: | ||
| 000 | 00805nam0 2200289 45 | |
| 001 | 0184004096 | |
| 005 | 20040513081957.8 | |
| 010 | @dCNY1.65 | |
| 091 | @a8118.1421 | |
| 100 | @a19950516d1984 em y0chiy0121 ea | |
| 101 | 1 | @achi@crus |
| 102 | @aCN@b510000 | |
| 105 | @aa z 000yy | |
| 106 | @ar | |
| 200 | 10 | @a法国巴比松风景画派@Afa guo ba bi song feng jing hua pai@f(苏)雅伏尔斯卡娅著@g平野译 |
| 210 | @a成都@c四川人民出版社@d1984 | |
| 215 | @a263页@c图@d19cm | |
| 606 | @a绘画-美术批评@y法国 | |
| 606 | @a美术批评-绘画@y法国 | |
| 606 | 0 | @a艺术@x世界 |
| 606 | 0 | @a美术@x世界 |
| 690 | @aJ110.99 | |
| 701 | 1 | @a雅伏尔斯卡娅@Aya fu er si ka ya@4著 |
| 702 | 0 | @a平野@Aping ye@4译 |
| 801 | 0 | @aCN@b上海图书馆@c20040513 |
| 801 | 2 | @aCN@bNLC@c20040513 |
| 905 | @f1@b129372@dJ110.99@e6 | |
| 法国巴比松风景画派/(苏)雅伏尔斯卡娅著/平野译.-成都:四川人民出版社,1984 |
| 263页:图;19cm |
| ISBN :CNY1.65 |
| ● |
| 相关链接 |
|
|
|
|
正题名:法国巴比松风景画派
索取号:J110.99/6
 
预约/预借
| 序号 | 登录号 | 条形码 | 馆藏地/架位号 | 状态 | 备注 |
| 1 | 0129371 | 202379078 | 第一借阅区/ [索取号:J110.99/6] | 在馆 | |
| 2 | 0129372 | 001239760 | 第一借阅区/ [索取号:J110.99/6] | 在馆 | |
| 3 | 0129373 | 001239751 | 第一样本阅览室/ [索取号:J110.99/6] | 在馆 |